THE PSYCHOLOGY OF MONEY (Record no. 270880)

MARC details
000 -LEADER
fixed length control field 00273pam a2200109a 44500
008 - FIXED-LENGTH DATA ELEMENTS--GENERAL INFORMATION
fixed length control field 230405s2022 xxu||||| |||| 00| 0 eng d
041 ## - LANGUAGE CODE
Language code of text/sound track or separate title ENG
100 ## - MAIN ENTRY--PERSONAL NAME
Personal name JAMES CLEAR
245 ## - TITLE STATEMENT
Title THE PSYCHOLOGY OF MONEY
260 ## - PUBLICATION, DISTRIBUTION, ETC.
Place of publication, distribution, etc.
Name of publisher, distributor, etc. JAICO PUB HOUSE MUMBAI MUMBAI
Date of publication, distribution, etc. 2022
906 ## - LOCAL DATA ELEMENT F, LDF (RLIN)
a 5441
Holdings
Withdrawn status Lost status Damaged status Not for loan Collection Home library Current library Date acquired Total Checkouts Barcode Date last seen Price effective from Koha item type
          College of Pharmacy, Kolhapur College of Pharmacy, Kolhapur 14/04/2023   PCK-D-412 20/01/2026 14/04/2023 Book